000 00684cam a22002413a 4500
001 19116
003 PGUSA
005 20140828083415.0
008 060825s2006||||xxu|||||s|||||000 | eng d
040 _aPGUSA
_beng
042 _adc
050 4 _aMT
100 1 _aLehmann, Lilli,
_d1848-1929
245 1 0 _aHow to Sing :
_b[Meine Gesangskunst]
_h[electronic resource] /
_cLilli Lehmann
260 _bProject Gutenberg,
_c2006
506 _aPublic domain in the USA.
516 _aElectronic text
653 _aSinging -- Methods
700 1 _aAldrich, Richard,
_d1863-1937
830 0 _aProject Gutenberg
_v19116
856 4 0 _uhttp://www.gutenberg.org/ebooks/19116
942 _cEB
999 _c248371
_d248371